000 006740000a22001930004500
001 768714001
003 CO-MdFUSB
005 20170420155342.0
008 170420s2002 cr ||||| |||| 00| 0 spa d
040 _aCO-MdFUSB
_bspa
_cCO-MdFUSB
_dCO-MdFUSB
041 _aspa
100 1 _aMorales, Rafael
_eautor
245 1 0 _aQuiero visitar a mi familia :
_bcomo Dios obra aún en los fracasos
300 _aVolumen 1-4, número 1-12, (2002), Páginas 10-11
_c27 cm.
546 _aTexto en español
650 1 4 _aTRABAJO SOCIAL CON NIÑOS
773 0 _tAlcanzando a los Niños en Riesgo
_049458
_960566
_gVolumen 1-4, número 1-12, (2002), Páginas 10-11
_qPágina 10
942 _cANA
999 _c49596
_d49596